000 00923nas a2200205 i 4500
001 159360
003 ES-MaACL
005 20250812074047.0
008 950223m18631881sp | | ||pa d
022 _a2479-4538
245 0 0 _aMemoria sobre la organización militar de España en ... /
_credactada por la Sección de Historia del Depósito de la Guerra.
260 _aMadrid :
_b[Depósito de la Guerra],
_c1863-1881 (
_fImp. y Lit. del Depósito de la Guerra)
300 _a7 v. ;
_c23 cm.
505 8 _aI-IV. 1871 (XXXVI, 1131 p., [1] h. pleg. ; XXVI, 1194 ; XV, 1078 ; XXII, 984 p.) - V. 1878 (XVI, 688 p.) - VI. 1879 (XIX, 975 p.) - VII. 1881 (XLV, 568 p.)
650 7 _aArte y ciencia militar
_2embne
_9135619
710 1 _aEspaña.
_bDepósito de la Guerra.
_9167579
785 0 0 _aMemorial del Depósito de la Guerra,
_x2479-4546
852 _aES-MaACL
_jG-6390-96
_z- Enc. pasta
999 _c159360
_d159360